| 000 | 00681nam a22002057a 4500 | ||
|---|---|---|---|
| 003 | OSt | ||
| 005 | 20251129114413.0 | ||
| 008 | 250901b |||||||| |||| 00| 0 eng d | ||
| 020 | _a978-0-07-128405-9. | ||
| 040 |
_aDWCL-Main lib _cOC |
||
| 082 |
_23rd ed. _aCirc.658 J77e 2009 |
||
| 100 | _aGareth R. Jones | ||
| 245 |
_aEssentials of contemporary management/ _cGareth R. Jones |
||
| 260 |
_aN. Y. : _bMcGraw-Hill/Irwin, _cc2009. |
||
| 300 |
_axxxv, 539 p. : _bcol. ill. ; _c25 cm. |
||
| 504 | _aIncludes bibliographical references and index. | ||
| 650 | _aIncludes bibliographical references and index. | ||
| 700 | _aJennifer M. George | ||
| 942 |
_2ddc _cBK-CIRC _e3rd ed. _kCirc _n0 |
||
| 999 |
_c4434 _d4434 |
||